000 00415nam a2200181Ia 4500
008 100917s9999 xx 000 0 und d
082 _b51069
100 _aSnukla Tgrewal
245 _aAdvanced Accounts (V. II)
260 _b---
_c1979
300 _a407
365 _b25
520 _a---
630 _aAdvanced Accounts (V. II)
650 _a---
730 _aAdvanced Accounts (V. II)
942 _cBOOK
999 _c656463
_d656460